Resum de les activitats del Servei d'Esports : 1989 1989
Descripción Física:
[17] f. ; 30 cm
MARC
| LEADER | 00000nam a2200000Ia 4500 | ||
|---|---|---|---|
| 001 | 9005 | ||
| 008 | 160829s9999 xx 000 0 cat d | ||
| 080 | |a FU-24-2 | ||
| 110 | 1 | |a Barcelona (Catalunya : Província). |b Servei d'Esports |9 53772 | |
| 245 | |a Resum de les activitats del Servei d'Esports : |b 1989 | ||
| 260 | |a Barcelona : |b Diputació de Barcelona. Servei d'Esports, [1989] | ||
| 300 | |a [17] f. ; |c 30 cm | ||
| 650 | |a Barcelona. Diputació. Servei d'Esports |x Memòries |9 30586 | ||
| 901 | |a Arxiu | ||
| 942 | |n 1 | ||
| 952 | |0 0 |1 0 |4 0 |6 FU242 |7 1 |9 41683 |a Arxiu |b Arxiu |d 2016-12-01 |l 0 |o FU-24-2 |p 9005 |r 2016-12-01 00:00:00 |w 2016-12-01 |y ARXIU | ||
| 999 | |c 43573 |d 43573 | ||